A class of BVPs for nonlinear fractional differential equations with p-Laplacian operator

Elmentve itt :
Bibliográfiai részletek
Szerzők: Liu Zhenhai
Lu Liang
Dokumentumtípus: Folyóirat
Megjelent: 2012
Sorozat:Electronic journal of qualitative theory of differential equations
Kulcsszavak:p-Laplacian operátor, Schaefer fixpont-elmélet, Differenciálegyenlet - frakcionális
Online Access:http://acta.bibl.u-szeged.hu/42471
LEADER 00776nas a2200193 i 4500
001 acta42471
005 20260224081030.0
008 170608s2012 hu o 000 hun d
022 |a 1417-3875 
040 |a SZTE Egyetemi Kiadványok Repozitórium  |b hun 
041 |a hun 
100 1 |a Liu Zhenhai 
245 1 2 |a A class of BVPs for nonlinear fractional differential equations with p-Laplacian operator  |h [elektronikus dokumentum] /  |c  Liu Zhenhai 
260 |c 2012 
300 |a 1-16 
490 0 |a Electronic journal of qualitative theory of differential equations 
695 |a p-Laplacian operátor, Schaefer fixpont-elmélet, Differenciálegyenlet - frakcionális 
700 0 1 |a Lu Liang  |e aut 
856 4 0 |u http://acta.bibl.u-szeged.hu/42471/1/ejqtde_2012_070_001-016.pdf  |z Dokumentum-elérés